000 00545pab a2200193 454500
008 180718b1998 xxu||||| |||| 00| 0 eng d
100 _aNeogi, Chiranjib
245 _aImpact of liberalisation on performance of Indian industries: a firm level study
260 _c1998
300 _ap.M16-24
362 _a28 Feb
650 _aLiberalization - India
650 _aIndia - Industries
650 _aIndustry
650 _aIndustrial development
700 _aGhosh, Buddhadeb
773 _aEconomic and Political Weekly
909 _a36861
999 _c36861
_d36861